| 000 | 00587nam a2200193Ia 4500 | ||
|---|---|---|---|
| 005 | 20250508164801.0 | ||
| 008 | 008 250505s9999 xx 000 0 eng d | ||
| 037 | _aReference | ||
| 040 |
_aFEDL _beng _cFEDL |
||
| 041 |
_aeng _2eng |
||
| 084 |
_a372, NAT/RR _qFEDL |
||
| 245 | 0 | _aElementary education in India: Where do we stand? | |
| 245 | 0 | _cNUEPA | |
| 260 |
_aNew Delhi, India _bNational University of Educational Planning and Administration |
||
| 300 | _a71p. | ||
| 546 | _aState report cards 2007-08 | ||
| 942 |
_cREF _h372, NAT/RR |
||
| 999 |
_c1391147 _d1391147 |
||